|
|
|
|
| LEADER |
00000cam a2200000 a 4500 |
| 001 |
vtls001060332 |
| 003 |
SK-MaSNL |
| 005 |
20260301232617.0 |
| 008 |
240226s1990 xo frn 001 0 slo |
| 015 |
|
|
|a SNBA1990/02
|
| 020 |
|
|
|a 8022000035
|q (viazané)
|
| 035 |
|
|
|a SNK000003160
|
| 035 |
|
|
|a 508693D8-334A-4189-9D31-00F7C466F975
|
| 035 |
|
|
|a urn:nbn:sk:snk-am00ifyp
|
| 040 |
|
|
|a SNK
|b slo
|c SNK
|e AACR2
|
| 041 |
0 |
|
|a slo
|
| 044 |
|
|
|a xo
|c SK
|
| 072 |
|
7 |
|a 81
|x Lingvistika. Jazyky
|2 konspekt
|
| 080 |
|
|
|a 81'255.4
|2 2011
|
| 080 |
|
|
|a 81'25
|2 2011
|
| 080 |
|
|
|a (048.8)
|2 2011
|
| 100 |
1 |
|
|a Hochel, Braňo,
|d 1951-2015
|4 aut
|9 175206
|
| 245 |
1 |
0 |
|a Preklad ako komunikácia
|c Braňo Hochel
|
| 250 |
|
|
|a 1., vyd.
|
| 260 |
|
|
|a Bratislava
|b Slovenský spisovateľ
|c 1990
|e Liptovský Mikuláš
|f Tlačiarne SNP
|
| 300 |
|
|
|a 148 s.
|c 21 cm
|
| 366 |
|
|
|e 500 výtl.
|
| 490 |
1 |
|
|a Studia litteraria
|v zv. 28
|
| 504 |
|
|
|a Obsahuje bibliografické odkazy a register
|
| 650 |
0 |
7 |
|a literárny preklad
|2 SNKPH
|9 28595
|
| 650 |
0 |
7 |
|a Literary translation
|2 SNKPHeng
|9 268551
|
| 650 |
0 |
7 |
|a teória prekladu
|2 SNKPH
|9 15928
|
| 650 |
0 |
7 |
|a Theory of translation
|2 SNKPHeng
|9 275690
|
| 655 |
|
7 |
|a štúdie
|2 SNKPH
|9 57033
|
| 655 |
|
7 |
|a Studies
|2 SNKPHeng
|9 265573
|
| 830 |
|
0 |
|a Studia litteraria
|9 279917
|
| 852 |
|
|
|a Slovenská národná knižnica
|
| 919 |
|
|
|a 80-220-0003-5
|
| 954 |
|
|
|a odborná, vedecká literatúra pôvodná (slovenská)
|2 lita
|
| 958 |
|
|
|a NB
|
| 958 |
|
|
|a OND
|
| 958 |
|
|
|a LX
|
| 958 |
|
|
|a EUIPO
|
| 999 |
|
|
|c 961997
|d 963927
|
| 952 |
|
|
|a SNK
|b SNK
|y VYP
|7 0
|p 17A0017566
|o snkSC 76287 D1
|0 0
|1 0
|4 0
|d 1996-10-31
|l 0
|r 2004-12-31 00:00:00
|w 2026-02-24
|
| 952 |
|
|
|a SNK
|b SNK
|y PREZ
|7 0
|p 17A0235022
|o snkSC 76287
|i snkKSP 489/90
|0 0
|1 0
|4 0
|d 2000-04-10
|f 1
|l 0
|r 2004-12-31 00:00:00
|w 2026-02-24
|
| 952 |
|
|
|t snkHOC 82.035
|a SNKUST
|b SNKUST
|y PREZ
|7 0
|p 17A0328236
|o snkSC 76287 D2
|i snkKSP 414/2002
|0 0
|1 0
|4 0
|d 2002-01-16
|l 0
|r 2025-04-29 00:00:00
|w 2026-02-24
|